00686 2200241 4500001002100000005001500021020002200036035002400058040001200082082001800094084001800112090001800130100002500148245009500173250001000268260003100278300003900309650003600348700001200384990001600396990001600412990001600428YOGYA00000000010042320140823125606 a978-602-8864-45-7 0010-111300000000543 aYOPDYOG 2[22]a915.411 a915.411 Ros S a915.411 Ros S aROSSA INDAH K.MATARI aSkandinaviab: traveling aman, hemat,& nikmatc/ Rossa Indah K.Matari ; penyunting Ariesta aCet.1 aYogyakartabB. Firstc2012 a344 hlmb: ilusc; 19 cm ( 3 eks.) aIndustri Pariwisata-Skandinavia aAriesta a4056/B.2013 a4057/B.2013 a4058/B.2013